000 00634cam a2200253 4500
008 090401t1992 xxu||||| |||| 00| 0 eng d
020 _a0113215193
035 _a(Sirsi) u67380
041 _aeng
050 _a725.51
110 _aNHS Estates
_92893
245 _aExternal works for health buildings.
260 _aLondon
_bHMSO
_c1992
300 _a95p. ; 30cm.
350 _a0
490 _aHealth Building Note
_v45 .
650 _aBUILT ENVIRONMENT-CONSTRUCTION DESIGN
650 _aCAR PARKS
650 _aHOSPITALS
650 _aLANDSCAPING
690 _aBUILT ENVIRONMENT
942 _n0
948 _c04/03/1997
999 _c94998
_d94998